000 00807nam a2200265Ia 4500
003 OSt
005 20220925224359.0
006 a|||||r|||| 00| 0
007 ta
008 220923b |||||||| |||| 00| 0 eng d
037 _cGeneral Book
040 _aRTL
_cRTL
_beng
041 _2eng
_aeng
082 _aYX, L6
100 _aTimms Noel
_9137809
245 0 _aTalking about welfare
_b Readings in philosophy and social policy.
260 _aLondon
_bRoutledge & Kegan Paul
_c1976
300 _axiv, 306p
_ccm.
490 _aInternational Library of Welfare and Philosophy
500 _aBibliography: P 304-06
650 _aSociology of Police
700 _a Watson David Ed.
_9137811
942 _hYX, L6
_cGB
_2CC
999 _c581362
_d581362